000 03045cam a22006134i 4500
003 PE-LiUPU
005 20250731165605.0
008 150706s2006 pe a rb 000 0 d
020 _a9972346666
020 _a9789972382819
035 _a(Sirsi) i9789972346668
040 _aPE-LiUPU
_bspa
_cPE-LiUPU
_erda
049 _aPRUA
082 0 4 _a001.42
_bP59 2006
_221
100 1 _aPino Gotuzzo, Raúl,
_eautor.
245 1 0 _aMetodología de la investigación /
_cRaúl Pino Gotuzzo.
250 _a2a
264 1 _aLima :
_bSan Marcos,
_c2006.
300 _a516 páginas :
_bilustraciones, diagrs. ;
_c21 centímetros.
336 _atext
_2rdacontent
337 _aunmediated
_2rdamedia
338 _avolume
_2rdacarrier
504 _aBibliografía : página 483 - 484.
505 0 _aLa idea como inicio de la investigación -- La ciencia y el enfoque científico -- Método y técnicas de la investigación -- Planteamiento, formulación y objetivos del problema -- Marco teórico científico -- El estudio de investigación -- Hipótesis, pruebas de hipótesis y variables -- Método para la prueba de hipótesis -- Diseño de investigación -- Muestreo y procedimiento estadísticos -- Análisis complementarios del muestreo -- Recolección de datos -- Análisis de recolección de datos -- Informe de la investigación.
526 _aSEG44
526 _aSEG26
526 _aP151
526 _aP150
526 _aP149
526 _aP146
526 _aP145
526 _aP126
526 _aP125
526 _aP92
526 _aP75
526 _aP74
526 _aP27
526 _aP15
650 0 4 _aInvestigación
_xMetodología.
650 0 4 _aCiencia
_xMetodología.
910 _agl
_bjv
_cng
_d20090902
910 _btqv
_cwelc
_d20160711
942 _2ddc
_cBOOK
949 _a001.42 P59 2006
_wDEWEY
_c1
_i60228
_lCCODEBUL1
_mBUL
_p23.00
_r0
_sY
_tBOOK
_u2015-7-6
_xFCE
_zUNKNOWN
_o.STAFF. Colección General
949 _a001.42 P59 2006
_wDEWEY
_c1
_iFJ00809
_lCCODEBUJ1
_mBUJ
_p10.21
_r0
_sY
_tBOOK
_u2016-07-11
_xEDUCACION
_PP20
_0COMPRA
_o.STAFF. Colección General Juliaca
949 _a001.42 P59 2006
_wDEWEY
_c2
_iFJ00810
_lCCODEBUJ1
_mBUJ
_p10.21
_r0
_sY
_tBOOK
_u2016-07-11
_xEDUCACION
_PP20
_0COMPRA
_o.STAFF. Colección General Juliaca
994 _aC0
_bPEPRU
596 _a1 3
999 _a001.42 P59 2006
_wDEWEY
_c49698
_i60228
_d49698
_e2018-7-2
_f2021-11-4
_g5
_lCCODEBUL1
_mBUL
_n14
_p23.00
_q4
_r0
_sY
_tBOOK
_u2015-7-6
_xFCE
_zUNKNOWN
_0COMPRA
_o.STAFF. Colección General
999 _a001.42 P59 2006
_wDEWEY
_c1
_iFJ00809
_d2019-9-4
_e2018-6-11
_f2021-12-27
_g4
_lCCODEBUJ1
_mBUJ
_n5
_p10.21
_q4
_r0
_sY
_tBOOK
_u2016-7-11
_xEDUCACION
_PP20
_0COMPRA
_o.STAFF. Colección General Juliaca
999 _a001.42 P59 2006
_wDEWEY
_c2
_iFJ00810
_d2019-10-1
_e2019-8-29
_f2021-12-27
_g4
_lCCODEBUJ1
_mBUJ
_n7
_p10.21
_q15
_r0
_sY
_tBOOK
_u2016-7-11
_xEDUCACION
_PP20
_0COMPRA
_o.STAFF. Colección General Juliaca
980 _81
_gALBERTO SANCHEZ Responsable de Automatización